00726nam a2200205 a 4500001001000000003000900010005001700019008004100036020001500077040002500092049000900117245006400126260004300190300003600233710005400269710006100323942001400384952010500398999001700503000027352DO-SdBNP20250714115213.0110331s2006 dr ac 000 0 spa d a999343096x aDO-SdBNPbspacBNPHU aBNPD00aRepública Dominicana en imágenes /cPablo A. Mariñez. aSanto Domingo :bBanco Central,c2006. a185 P. :bil., retrs. ;c22 cm.2 aBanco Central de la República Dominicana9834051 aEmbajada de la República Dominicana en México954434 2ddccLBS1 0010718PDaPDbPDcCTd2011-03-31iLF1l0o p27352-10r2020-06-25w2020-06-25yLFPDZNo se presta c26844d26844